[Event "Remote S7E Easy email"]
[Site "Remote email"]
[Date "2014.04.02"]
[Round "?"]
[White "Maier, Ralf"]
[Black "Henkel, Phil"]
[Result "0-1"]
[WhiteElo "1919"]
[BlackElo "1996"]
[PlyCount "36"]
[EventDate "2014.??.??"]
[EventType "tourn (corr)"]
[EventRounds "6"]
[EventCountry "GER"]
[SourceTitle "Corr 2015"]
[Source "ChessBase"]
[SourceDate "2015.07.17"]
[SourceVersion "1"]
[SourceVersionDate "2015.07.17"]
[SourceQuality "1"]

1. d4 f5 2. c4 Nf6 3. g3 c6 4. Nf3 e6 5. Bg2 d5 6. 0-0 Nbd7 7. Nbd2 Be7 8. Qc2 b6 9. cxd5 cxd5 10. Qc6 Rb8 11. Ne5 Kf8 12. Qxe6 Nxe5 13. Qxe5 Bd6 14. Qe3 Kf7 15. Qb3 Be6 16. f3 h5 17. e4 dxe4 18. fxe4 Bxb3 0-1

[Event "Remote email"]
[Site "Remote email"]
[Date "2014.02.25"]
[Round "?"]
[White "Juha, Michael"]
[Black "Maier, Ralf"]
[Result "0-1"]
[WhiteElo "1850"]
[BlackElo "1919"]
[PlyCount "76"]
[EventDate "2014.??.??"]
[EventType "tourn (corr)"]
[EventRounds "6"]
[EventCountry "GER"]
[SourceTitle "Corr 2015"]
[Source "ChessBase"]
[SourceDate "2015.07.17"]
[SourceVersion "1"]
[SourceVersionDate "2015.07.17"]
[SourceQuality "1"]

1. e4 c6 2. Nc3 d5 3. d4 dxe4 4. Nxe4 Bf5 5. Qf3 Bxe4 6. Qxe4 Nf6 7. Qf4 e6 8. Nf3 Bd6 9. Qg5 0-0 10. Bd3 h6 11. Qh4 Qa5+ 12. Bd2 Qh5 13. Qxh5 Nxh5 14. 0-0-0 Nd7 15. Rhe1 Nhf6 16. h4 Nd5 17. g4 Bf4 18. g5 h5 19. g6 Rae8 20. c4 Bxd2+ 21. Nxd2 Nf4 22. Ne4 Nxd3+ 23. Rxd3 fxg6 24. Rg3 Rf4 25. Nd6 Ref8 26. Rxg6 Rxf2 27. Rgxe6 Rf1 28. Nxb7 Rxe1+ 29. Rxe1 Rf4 30. Re8+ Kh7 31. Nc5 Nxc5 32. dxc5 Rxc4+ 33. Kd2 Rxc5 34. b3 Rf5 35. Rc8 Rf2+ 36. Kc3 Rxa2 37. Rxc6 Ra1 38. b4 Rc1+ 0-1

[Event "Remote email"]
[Site "Remote email"]
[Date "2014.02.11"]
[Round "?"]
[White "Pfreundt, Jakob"]
[Black "Maier, Ralf"]
[Result "0-1"]
[WhiteElo "2000"]
[BlackElo "1958"]
[PlyCount "54"]
[EventDate "2014.??.??"]
[EventType "tourn (corr)"]
[EventRounds "6"]
[EventCountry "GER"]
[SourceTitle "Corr 2015"]
[Source "ChessBase"]
[SourceDate "2015.07.17"]
[SourceVersion "1"]
[SourceVersionDate "2015.07.17"]
[SourceQuality "1"]

1. d4 Nf6 2. c4 e6 3. g3 c5 4. d5 exd5 5. cxd5 b5 6. Nf3 d6 7. e4 b4 8. Bd3 g6 9. 0-0 Bg7 10. Nbd2 0-0 11. Nc4 Ba6 12. Qc2 Ne8 13. Bf4 h6 14. h4 Bb5 15. a4 bxa3 16. Rxa3 a6 17. Kg2 Bxc4 18. Bxc4 a5 19. Rfa1 Nd7 20. Bd2 Ne5 21. Nxe5 Bxe5 22. Bxh6 Ng7 23. Bd2 Qf6 24. Bc3 Rfb8 25. Rxa5 Rxa5 26. Rxa5 Bxc3 27. Qxc3 Qd8 0-1

[Event "Remote email"]
[Site "Remote email"]
[Date "2014.01.28"]
[Round "?"]
[White "Maier, Ralf"]
[Black "Steffens, Henrik"]
[Result "1-0"]
[WhiteElo "1963"]
[BlackElo "2000"]
[PlyCount "49"]
[EventDate "2014.??.??"]
[EventType "tourn (corr)"]
[EventRounds "6"]
[EventCountry "GER"]
[SourceTitle "Corr 2015"]
[Source "ChessBase"]
[SourceDate "2015.07.17"]
[SourceVersion "1"]
[SourceVersionDate "2015.07.17"]
[SourceQuality "1"]

1. d4 d5 2. Nf3 Nf6 3. g3 e6 4. Bg2 c5 5. c4 Qd7 6. 0-0 cxd4 7. cxd5 Qxd5 8. Nxd4 Ne4 9. Nc3 Qe5 10. Nxe4 Nc6 11. Nxc6 bxc6 12. Bf4 Qxb2 13. Bc7 Be7 14. Nd6+ Bxd6 15. Bxc6+ Bd7 16. Bxd7+ Kxd7 17. Qxd6+ Kc8 18. Rfc1 Rb8 19. Bxb8+ Kb7 20. Rab1 Qb6 21. Qc7+ Ka6 22. Rxb6+ axb6 23. Qa7+ Kb5 24. a4+ Kb4 25. Qxb6+ 1-0

[Event "Remote Random-173 email"]
[Site "Remote email"]
[Date "2014.01.21"]
[Round "?"]
[White "Buchmann, Hans Peter"]
[Black "Maier, Ralf"]
[Result "1-0"]
[WhiteElo "2148"]
[BlackElo "1919"]
[PlyCount "51"]
[EventDate "2014.??.??"]
[EventType "tourn (corr)"]
[EventRounds "14"]
[EventCountry "GER"]
[SourceTitle "Corr 2015"]
[Source "ChessBase"]
[SourceDate "2015.07.17"]
[SourceVersion "1"]
[SourceVersionDate "2015.07.17"]
[SourceQuality "1"]

1. Nf3 Nf6 2. c4 c5 3. g3 b6 4. Bg2 Bb7 5. b3 e6 6. 0-0 Be7 7. Bb2 0-0 8. Nc3 d6 9. Re1 Nc6 10. e3 d5 11. d3 d4 12. exd4 Nxd4 13. Nxd4 Bxg2 14. Nxe6 fxe6 15. Kxg2 Qd7 16. f4 Rad8 17. Qe2 Kf7 18. Rac1 Qc6+ 19. Kg1 a6 20. Rcd1 h5 21. Ne4 Nxe4 22. Qxh5+ g6 23. Qh7+ Ke8 24. Qxg6+ Kd7 25. Rxe4 Rf6 26. Bxf6 1-0

[Event "Remote Random-173 email"]
[Site "Remote email"]
[Date "2014.01.21"]
[Round "?"]
[White "Maier, Ralf"]
[Black "Tortoza, Carlos Alberto"]
[Result "1-0"]
[WhiteElo "1919"]
[BlackElo "1560"]
[PlyCount "115"]
[EventDate "2014.??.??"]
[EventType "tourn (corr)"]
[EventRounds "14"]
[EventCountry "GER"]
[SourceTitle "Corr 2015"]
[Source "ChessBase"]
[SourceDate "2015.07.17"]
[SourceVersion "1"]
[SourceVersionDate "2015.07.17"]
[SourceQuality "1"]

1. Nf3 Nf6 2. c4 c5 3. g3 b6 4. Bg2 Bb7 5. b3 e6 6. 0-0 Be7 7. Bb2 0-0 8. Nc3 d6 9. e3 Nc6 10. d4 cxd4 11. Nxd4 Qc7 12. Ncb5 Qd7 13. Nxc6 Bxc6 14. Bxc6 Qxc6 15. Rc1 Rfd8 16. Nd4 Qe4 17. Qf3 e5 18. Qxe4 Nxe4 19. Nc6 Re8 20. Nxe7+ Rxe7 21. Rcd1 Rd8 22. f3 Ng5 23. h4 Ne6 24. Rd5 Nc7 25. Rd2 d5 26. cxd5 Rxd5 27. Rfd1 Rxd2 28. Rxd2 h6 29. Kf2 f6 30. e4 Nb5 31. Ke3 a5 32. f4 Kf7 33. fxe5 fxe5 34. Rd5 Nc7 35. Rxe5 Rd7 36. Bd4 b5 37. Bb6 a4 38. Bxc7 Rxc7 39. Rxb5 axb3 40. axb3 Rc3+ 41. Kf4 Kg6 42. g4 Rc1 43. Rb6+ Kh7 44. g5 hxg5+ 45. hxg5 Rf1+ 46. Ke5 Rf3 47. b4 Rf7 48. g6+ Kg8 49. gxf7+ Kxf7 50. b5 Kg8 51. Kf5 Kf8 52. Rb7 Kg8 53. Kg6 Kf8 54. e5 Ke8 55. e6 Kf8 56. b6 Ke8 57. Rxg7 Kf8 58. b7 1-0

[Event "Remote email"]
[Site "Remote email"]
[Date "2013.12.19"]
[Round "?"]
[White "Hoeber, Michael"]
[Black "Maier, Ralf"]
[Result "1/2-1/2"]
[WhiteElo "1964"]
[BlackElo "1919"]
[PlyCount "67"]
[EventDate "2013.??.??"]
[EventType "tourn (corr)"]
[EventRounds "6"]
[EventCountry "GER"]
[SourceTitle "Corr 2015"]
[Source "ChessBase"]
[SourceDate "2015.07.17"]
[SourceVersion "1"]
[SourceVersionDate "2015.07.17"]
[SourceQuality "1"]

1. Nf3 Nf6 2. g3 e6 3. Bg2 d5 4. d3 c5 5. Nbd2 Nc6 6. 0-0 Bd6 7. e4 0-0 8. Re1 dxe4 9. dxe4 e5 10. Nc4 Bc7 11. Bg5 Be6 12. Ne3 Qxd1 13. Nxd1 Nd7 14. c3 h6 15. Be3 b6 16. b3 Nf6 17. Nh4 Rad8 18. Nb2 Ng4 19. Nf5 Nxe3 20. Rxe3 Rd2 21. Nd3 Rd8 22. Bf1 g6 23. Nh4 Bh3 24. Bxh3 R8xd3 25. Rxd3 Rxd3 26. Rc1 Rd2 27. a4 Rd3 28. Bf1 Rd2 29. Bc4 Kg7 30. Kf1 Ne7 31. Ke1 Rd6 32. Rd1 Rxd1+ 33. Kxd1 Nc6 34. Kd2 1/2-1/2

[Event "Remote S7E Starter-51 email"]
[Site "Remote email"]
[Date "2013.12.07"]
[Round "?"]
[White "Biskopp, Wolf Ulrich"]
[Black "Maier, Ralf"]
[Result "1-0"]
[WhiteElo "2309"]
[BlackElo "1963"]
[PlyCount "41"]
[EventDate "2013.??.??"]
[EventType "tourn (corr)"]
[EventRounds "6"]
[EventCountry "GER"]
[SourceTitle "Corr 2015"]
[Source "ChessBase"]
[SourceDate "2015.07.17"]
[SourceVersion "1"]
[SourceVersionDate "2015.07.17"]
[SourceQuality "1"]

1. d4 Nf6 2. c4 e6 3. Nc3 Bb4 4. Qc2 c5 5. dxc5 Na6 6. a3 Bxc3+ 7. Qxc3 Nxc5 8. b4 Nce4 9. Qd4 d5 10. c5 h6 11. f3 Ng5 12. Bb2 Ngh7 13. e3 Qc7 14. Bd3 e5 15. Qxe5+ Qxe5 16. Bxe5 0-0 17. Ne2 Bd7 18. Kf2 Rfe8 19. Bd4 a6 20. Nf4 Rad8 21. a4 1-0

[Event "Remote S7E Basic-71 email"]
[Site "Remote email"]
[Date "2013.11.10"]
[Round "?"]
[White "Biskopp, Wolf Ulrich"]
[Black "Maier, Ralf"]
[Result "1-0"]
[WhiteElo "2309"]
[BlackElo "1963"]
[PlyCount "45"]
[EventDate "2013.??.??"]
[EventType "tourn (corr)"]
[EventRounds "6"]
[EventCountry "GER"]
[SourceTitle "Corr 2015"]
[Source "ChessBase"]
[SourceDate "2015.07.17"]
[SourceVersion "1"]
[SourceVersionDate "2015.07.17"]
[SourceQuality "1"]

1. d4 Nf6 2. c4 e6 3. Nc3 Bb4 4. Qc2 c5 5. a3 Bxc3+ 6. Qxc3 cxd4 7. Qxd4 Nc6 8. Qd1 b6 9. Nf3 0-0 10. Bf4 d5 11. cxd5 Nxd5 12. Bg5 f6 13. Bd2 Ba6 14. Qa4 Bb7 15. e4 Nde7 16. Bc4 Kf7 17. 0-0 a6 18. Rfd1 b5 19. Bxe6+ Ke8 20. Qb3 Nd4 21. Nxd4 Qxd4 22. Be3 Qxe4 23. Bd7+ 1-0

[Event "Remote S7E Easy-177 email"]
[Site "Remote email"]
[Date "2013.11.07"]
[Round "?"]
[White "Cabrera Trujillo, Claudio Tomas"]
[Black "Maier, Ralf"]
[Result "1/2-1/2"]
[WhiteElo "1880"]
[BlackElo "1963"]
[PlyCount "126"]
[EventDate "2013.??.??"]
[EventType "tourn (corr)"]
[EventRounds "6"]
[EventCountry "GER"]
[SourceTitle "Corr 2015"]
[Source "ChessBase"]
[SourceDate "2015.07.17"]
[SourceVersion "1"]
[SourceVersionDate "2015.07.17"]
[SourceQuality "1"]

1. Nf3 Nf6 2. c4 e6 3. g3 b6 4. Bg2 Bb7 5. 0-0 d5 6. cxd5 Bxd5 7. Nc3 Bb7 8. d4 Be7 9. Bf4 Nbd7 10. Rc1 a6 11. Na4 Bd6 12. Ne5 Bxg2 13. Kxg2 0-0 14. Nc6 Qe8 15. Bxd6 cxd6 16. Qb3 b5 17. Nc3 Nb6 18. Na5 Nfd5 19. e4 Nxc3 20. Rxc3 Rc8 21. Rfc1 Qd7 22. f3 Rxc3 23. Rxc3 Rc8 24. Kf2 d5 25. e5 Nc4 26. Nxc4 dxc4 27. Qd1 Rc5 28. Re3 Rd5 29. Re4 b4 30. f4 a5 31. Ke3 a4 32. g4 g6 33. h4 Qc6 34. h5 c3 35. bxc3 Qxc3+ 36. Qd3 Qe1+ 37. Qe2 Qxe2+ 38. Kxe2 b3 39. axb3 a3 40. Kd3 a2 41. Re1 Kf8 42. Ra1 Ra5 43. Kc4 Ke7 44. b4 Ra3 45. b5 Kd7 46. Kb4 Ra8 47. Kc5 Kc7 48. d5 exd5 49. Kxd5 Kb6 50. e6 fxe6+ 51. Kxe6 gxh5 52. gxh5 Kxb5 53. f5 Kb4 54. f6 Ra6+ 55. Ke7 Ra7+ 56. Kf8 Kb3 57. f7 Ra4 58. Kg7 Rg4+ 59. Kxh7 Rf4 60. Kg7 Rg4+ 61. Kh7 Rf4 62. Kg8 Rg4+ 63. Kh7 Rf4 1/2-1/2

[Event "Remote email"]
[Site "Remote email"]
[Date "2013.10.13"]
[Round "?"]
[White "Maier, Ralf"]
[Black "Werner, Hansruedi"]
[Result "0-1"]
[WhiteElo "1976"]
[BlackElo "2132"]
[PlyCount "56"]
[EventDate "2013.??.??"]
[EventType "tourn (corr)"]
[EventRounds "6"]
[EventCountry "GER"]
[SourceTitle "Corr 2015"]
[Source "ChessBase"]
[SourceDate "2015.07.17"]
[SourceVersion "1"]
[SourceVersionDate "2015.07.17"]
[SourceQuality "1"]

1. d4 Nf6 2. c4 c5 3. d5 b5 4. e3 bxc4 5. Bxc4 g6 6. b3 Bg7 7. Bb2 0-0 8. Nd2 Bb7 9. Ndf3 Qa5+ 10. Kf1 e6 11. dxe6 dxe6 12. Nh3 Rd8 13. Qc2 Bxf3 14. Bc3 Bxg2+ 15. Kxg2 Qc7 16. Ng5 Nbd7 17. Rad1 Ne5 18. Bxe5 Qxe5 19. Nf3 Qe4 20. Rxd8+ Rxd8 21. Qxe4 Nxe4 22. Rc1 Kf8 23. Kf1 Ke7 24. a4 g5 25. h4 g4 26. Ng5 Nd2+ 27. Ke2 h6 28. Nh7 Ne4 0-1

[Event "Remote email"]
[Site "Remote email"]
[Date "2013.09.23"]
[Round "?"]
[White "Walter, Mario E"]
[Black "Maier, Ralf"]
[Result "1/2-1/2"]
[WhiteElo "2040"]
[BlackElo "1963"]
[PlyCount "78"]
[EventDate "2013.??.??"]
[EventType "tourn (corr)"]
[EventRounds "6"]
[EventCountry "GER"]
[SourceTitle "Corr 2015"]
[Source "ChessBase"]
[SourceDate "2015.07.17"]
[SourceVersion "1"]
[SourceVersionDate "2015.07.17"]
[SourceQuality "1"]

1. d4 d5 2. c4 e6 3. Nc3 Nf6 4. cxd5 Nxd5 5. e4 Nxc3 6. bxc3 c5 7. Nf3 cxd4 8. cxd4 Bb4+ 9. Bd2 Bxd2+ 10. Qxd2 0-0 11. Bc4 Nd7 12. 0-0 Nf6 13. Rfe1 Bd7 14. Ne5 Rc8 15. Nxd7 Qxd7 16. Bb3 Rfd8 17. Rad1 a6 18. h3 Rc6 19. Qf4 Nh5 20. Qf3 g6 21. e5 Ng7 22. g4 Qc7 23. d5 exd5 24. Rxd5 Ne6 25. Red1 Rxd5 26. Rxd5 Rc5 27. Kg2 Rxd5 28. Bxd5 Qxe5 29. Bxe6 Qxe6 30. Qxb7 Qxa2 31. Qb8+ Kg7 32. Qe5+ f6 33. Qc7+ Qf7 34. Qb6 Qd5+ 35. Kg1 Qd3 36. Kg2 Qb5 37. Qc7+ Kh6 38. Qf4+ Qg5 39. Qd6 Qe5 1/2-1/2

[Event "Remote S7E Easy-171 email"]
[Site "Remote email"]
[Date "2013.09.11"]
[Round "?"]
[White "Henkel, Phil"]
[Black "Maier, Ralf"]
[Result "0-1"]
[WhiteElo "1903"]
[BlackElo "1963"]
[PlyCount "70"]
[EventDate "2013.??.??"]
[EventType "tourn (corr)"]
[EventRounds "6"]
[EventCountry "GER"]
[SourceTitle "Corr 2015"]
[Source "ChessBase"]
[SourceDate "2015.07.17"]
[SourceVersion "1"]
[SourceVersionDate "2015.07.17"]
[SourceQuality "1"]

1. Nf3 Nf6 2. c4 g6 3. Nc3 Bg7 4. d4 d6 5. e4 0-0 6. Be2 c5 7. d5 e6 8. 0-0 Re8 9. Bg5 exd5 10. exd5 h6 11. Bd2 Na6 12. Bd3 Nc7 13. Qc2 Qd7 14. Nh4 Qg4 15. Nf3 Nh5 16. Ne4 Nf4 17. Bxf4 Qxf4 18. Ng3 Bg4 19. Nd2 Re7 20. Rfe1 Rae8 21. Rxe7 Rxe7 22. h3 Bd7 23. Rb1 Ne8 24. Nde4 f5 25. Ne2 Qh4 26. N4g3 f4 27. Nf1 f3 28. Neg3 fxg2 29. Kxg2 Bxh3+ 30. Kg1 Bxf1 31. Rxf1 Bd4 32. Be4 Qxg3+ 33. Bg2 Re5 34. Qa4 Kf8 35. Qd1 Rg5 0-1

[Event "Remote S7E Basic-68 email"]
[Site "Remote email"]
[Date "2013.08.25"]
[Round "?"]
[White "Maier, Ralf"]
[Black "Baer, Cy"]
[Result "1-0"]
[WhiteElo "1963"]
[BlackElo "1697"]
[PlyCount "53"]
[EventDate "2013.??.??"]
[EventType "tourn (corr)"]
[EventRounds "6"]
[EventCountry "GER"]
[SourceTitle "Corr 2015"]
[Source "ChessBase"]
[SourceDate "2015.07.17"]
[SourceVersion "1"]
[SourceVersionDate "2015.07.17"]
[SourceQuality "1"]

1. d4 e6 2. c4 g6 3. g3 Bg7 4. Bg2 Nf6 5. Nc3 0-0 6. e4 d6 7. Bg5 h6 8. Be3 a6 9. e5 Nfd7 10. f4 Nb6 11. b3 dxe5 12. fxe5 c6 13. Nge2 N8d7 14. 0-0 Qe7 15. Qd2 Kh7 16. Ne4 f5 17. exf6 Nxf6 18. Nxf6+ Rxf6 19. Rxf6 Bxf6 20. Be4 Qg7 21. Nf4 Bd7 22. Nh5 Kh8 23. Nxg7 Bxg7 24. Bxh6 Kh7 25. Bxg7 Kxg7 26. Qg5 Be8 27. Qe7+ 1-0

[Event "Remote S7E Basic-68 email"]
[Site "Remote email"]
[Date "2013.08.25"]
[Round "?"]
[White "Maier, Ralf"]
[Black "Daniel, Achim"]
[Result "1/2-1/2"]
[WhiteElo "1963"]
[BlackElo "1863"]
[PlyCount "59"]
[EventDate "2013.??.??"]
[EventType "tourn (corr)"]
[EventRounds "6"]
[EventCountry "GER"]
[SourceTitle "Corr 2015"]
[Source "ChessBase"]
[SourceDate "2015.07.17"]
[SourceVersion "1"]
[SourceVersionDate "2015.07.17"]
[SourceQuality "1"]

1. d4 d5 2. c4 c6 3. Nf3 Bf5 4. cxd5 cxd5 5. Nc3 e6 6. Qb3 Qb6 7. e3 Qxb3 8. axb3 Bb4 9. Ne5 Ne7 10. Bb5+ Nbc6 11. 0-0 0-0 12. Bxc6 bxc6 13. Ra4 a5 14. Na2 Bd6 15. f4 Bxe5 16. fxe5 Rfb8 17. b4 axb4 18. Rxb4 Bd3 19. Rxb8+ Rxb8 20. Rd1 Bg6 21. Nc3 Ra8 22. Bd2 h6 23. Kf2 Kf8 24. g4 Bc2 25. Rc1 Bb3 26. h4 Nc8 27. e4 dxe4 28. Nxe4 Bd5 29. Bb4+ Ke8 30. Nd6+ 1/2-1/2

[Event "Remote S7E Basic-67 email"]
[Site "Remote email"]
[Date "2013.07.16"]
[Round "?"]
[White "Grimm, Wolfgang"]
[Black "Maier, Ralf"]
[Result "1-0"]
[WhiteElo "2036"]
[BlackElo "1976"]
[PlyCount "41"]
[EventDate "2013.??.??"]
[EventType "tourn (corr)"]
[EventRounds "6"]
[EventCountry "GER"]
[SourceTitle "Corr 2015"]
[Source "ChessBase"]
[SourceDate "2015.07.17"]
[SourceVersion "1"]
[SourceVersionDate "2015.07.17"]
[SourceQuality "1"]

1. c4 Nf6 2. Nc3 e6 3. e4 c5 4. e5 Ng8 5. Nf3 Nc6 6. Nb5 d6 7. exd6 Bxd6 8. Nxd6+ Qxd6 9. Be2 Nge7 10. 0-0 Nf5 11. d3 h6 12. Nd2 b6 13. Ne4 Qe7 14. Bh5 g6 15. Bf3 Bb7 16. Re1 0-0 17. g4 Nd6 18. Bxh6 Nxe4 19. Bxf8 Nxf2 20. Bxe7 Nxd1 21. Raxd1 1-0

[Event "Remote S7E Basic-67 email"]
[Site "Remote email"]
[Date "2013.07.16"]
[Round "?"]
[White "Maier, Ralf"]
[Black "Gottsmann, Lothar"]
[Result "0-1"]
[WhiteElo "1963"]
[BlackElo "1961"]
[PlyCount "84"]
[EventDate "2013.??.??"]
[EventType "tourn (corr)"]
[EventRounds "6"]
[EventCountry "GER"]
[SourceTitle "Corr 2015"]
[Source "ChessBase"]
[SourceDate "2015.07.17"]
[SourceVersion "1"]
[SourceVersionDate "2015.07.17"]
[SourceQuality "1"]

1. d4 Nf6 2. c4 c5 3. d5 d6 4. Nc3 a6 5. a4 g6 6. Nf3 Bg7 7. g3 0-0 8. Bg2 Nbd7 9. 0-0 Ng4 10. e4 Nge5 11. Nd2 Nd3 12. f4 Bd4+ 13. Kh1 Nf2+ 14. Rxf2 Bxf2 15. Nf3 Qc7 16. Qd2 Bd4 17. Nxd4 cxd4 18. Qxd4 f6 19. Be3 b6 20. b4 Rb8 21. Rb1 Rb7 22. Bh3 Nb8 23. Be6+ Bxe6 24. dxe6 Qc8 25. f5 Nc6 26. Qd5 Ne5 27. c5 bxc5 28. b5 axb5 29. Rxb5 Rxb5 30. axb5 Kg7 31. Kg2 Qa8 32. Qb3 c4 33. Qb2 gxf5 34. Nd5 Qb7 35. b6 fxe4 36. Qd2 Rc8 37. Qd4 Rc5 38. Nc3 Ng4 39. h3 Nxe3+ 40. Qxe3 Re5 41. g4 Rxe6 42. Nb5 Re5 0-1

[Event "Remote Jubilee Jadoube-B email"]
[Site "Remote email"]
[Date "2013.07.09"]
[Round "?"]
[White "Maier, Ralf"]
[Black "Noack, Thomas"]
[Result "1-0"]
[WhiteElo "1976"]
[BlackElo "1982"]
[PlyCount "33"]
[EventDate "2013.??.??"]
[EventType "tourn (corr)"]
[EventRounds "8"]
[EventCountry "GER"]
[SourceTitle "Corr 2015"]
[Source "ChessBase"]
[SourceDate "2015.07.17"]
[SourceVersion "1"]
[SourceVersionDate "2015.07.17"]
[SourceQuality "1"]

1. d4 d5 2. c4 c6 3. Nf3 Nf6 4. e3 Bg4 5. Qb3 Qb6 6. Nc3 Bxf3 7. gxf3 Nbd7 8. e4 dxe4 9. Qxb6 Nxb6 10. fxe4 e6 11. Be2 0-0-0 12. c5 Na8 13. Be3 Nc7 14. 0-0-0 h6 15. h4 Be7 16. h5 Nd7 17. f4 1-0

[Event "Remote-ch Class3 email"]
[Site "Remote email"]
[Date "2013.04.01"]
[Round "?"]
[White "Maier, Ralf"]
[Black "Buchmann, Hans Peter"]
[Result "0-1"]
[WhiteElo "1887"]
[BlackElo "2237"]
[PlyCount "64"]
[EventDate "2013.??.??"]
[EventType "tourn (corr)"]
[EventRounds "6"]
[EventCountry "GER"]
[SourceTitle "Corr 2015"]
[Source "ChessBase"]
[SourceDate "2015.07.17"]
[SourceVersion "1"]
[SourceVersionDate "2015.07.17"]
[SourceQuality "1"]

1. d4 d5 2. c4 c6 3. Nf3 Nf6 4. e3 Bg4 5. Qb3 Qb6 6. Nc3 e6 7. Nh4 Bh5 8. h3 Na6 9. Qxb6 axb6 10. a3 g5 11. g4 gxh4 12. gxh5 Kd7 13. Be2 Be7 14. Bd2 Nc7 15. 0-0-0 Rag8 16. Rhg1 h6 17. Bf3 Rxg1 18. Rxg1 dxc4 19. Rg7 Nh7 20. Rxf7 Ng5 21. Rxe7+ Kxe7 22. Bg4 Nd5 23. Nxd5+ exd5 24. f3 Kd6 25. Bc3 Rf8 26. Bb4+ c5 27. dxc5+ bxc5 28. Bc3 Nxh3 29. Bg7 Rf7 30. Bxh6 Nf2 31. Bf4+ Rxf4 32. exf4 Nxg4 0-1

[Event "Remote S7E Basic-64 email"]
[Site "Remote email"]
[Date "2013.03.27"]
[Round "?"]
[White "Maier, Ralf"]
[Black "Mueller, Christoph"]
[Result "1-0"]
[WhiteElo "1976"]
[BlackElo "1838"]
[PlyCount "89"]
[EventDate "2013.??.??"]
[EventType "tourn (corr)"]
[EventRounds "6"]
[EventCountry "GER"]
[SourceTitle "Corr 2015"]
[Source "ChessBase"]
[SourceDate "2015.07.17"]
[SourceVersion "1"]
[SourceVersionDate "2015.07.17"]
[SourceQuality "1"]

1. d4 Nf6 2. c4 e6 3. g3 d5 4. Nf3 Be7 5. Bg2 0-0 6. 0-0 c6 7. Qc2 dxc4 8. Qxc4 Na6 9. Bd2 Qd5 10. b3 Bd7 11. Ne5 Qxc4 12. bxc4 Rfc8 13. a3 Rab8 14. Nc3 Be8 15. Bf4 Rd8 16. Rfd1 Rbc8 17. e4 Nh5 18. Be3 c5 19. d5 exd5 20. exd5 Bd6 21. Nd3 b6 22. Ne4 Nf6 23. Nxf6+ gxf6 24. Bh6 Bd7 25. Re1 Re8 26. f4 Bf5 27. Nf2 Nc7 28. Be4 Bd7 29. Bf3 Rxe1+ 30. Rxe1 Re8 31. Ne4 Rxe4 32. Rxe4 Bf8 33. Kf2 Ne8 34. Bxf8 Kxf8 35. Re1 Nd6 36. Be2 Ba4 37. Bd3 h6 38. g4 Bb3 39. Rc1 Ba4 40. Rb1 Ke7 41. f5 Bd7 42. Re1+ Kf8 43. Kg3 Ba4 44. Kh4 Kg7 45. Re7 1-0